Statistiques concernant Culture Générale - Série 1421

Cliquez ici pour prendre le quiz!

Statistiques générales

  • Ce quiz a été pris 78 fois
  • Le résultat moyen est 6 sur 10

Statistiques - réponses

QuestionRéponse% Correct
Quel sport olympique peut-être : acrobatique, de fond ou alpin ?ski
99%
Le roman de la Comtesse de Ségur, contant les bêtises d'une petite fille s'intitule : "Les Malheurs ...de Sophie
97%
Quel est le plus long fleuve d'Afrique ?Nil
96%
Quel pays d'Afrique occidentale a pour capitale Niamey ?Niger
74%
Le lac Skadar est un lac situé sur 2 états, Montenegro et ...Albanie
73%
Dans quel département français est située la commune de Lège-Cap-Ferret ?Gironde
64%
Dans quel département français est située la réserve naturelle à la fois terrestre et marine, appelée Scandola ?Corse
47%
A quel chanteur français l'écrivain et réalisatrice Amanda Sthers a-t-elle été mariée de 2004 à 2007 ?Patrick Bruel
30%
Qui purge-t-on, selon le titre d'une pièce de Georges Feydeau de 1910 ?bébé
27%
En 2010, dans quelle ville se sont déroulés les championnats d'Europe de natation en grand bassin ?Budapest
11%

Distribution des résultats

Percentile par nombre de réponses

% des personnes avec chaque résultat

Votre développement - résultats

Vous n’avez pas pris ce quiz